| 000 | 00513 a2200181 4500 | ||
|---|---|---|---|
| 003 | NUST | ||
| 020 | _a0387711066 | ||
| 020 | _a9780387711065 | ||
| 038 | _akhadija | ||
| 082 |
_a519 _bANT |
||
| 100 | 1 |
_aAntoniou, Andreas. _98729 |
|
| 245 | 1 | 0 |
_aPractical optimization : _balgorithms and engineering applications / _cAndreas Antoniou, Wu-Sheng Lu. |
| 260 |
_a[S.l.] : _bSpringer, _c2007. |
||
| 300 |
_a696 p. ; _c24 cm. |
||
| 563 | _ahardcover | ||
| 700 |
_aLu, Wu-Sheng _98730 |
||
| 942 |
_aSNS _cBK _k519.3 ANT _2ddc |
||
| 999 |
_c32080 _d32080 |
||